|
|
|
|
| LEADER |
00000nam0a2200000 4500 |
| 001 |
254368 |
| 005 |
20231101232929.0 |
| 010 |
|
|
|a 9785222201848
|
| 035 |
|
|
|a (RuTPU)RU\TPU\book\276818
|
| 090 |
|
|
|a 254368
|
| 100 |
|
|
|a 20140320d2013 m y0rusy50 ca
|
| 101 |
0 |
|
|a rus
|
| 102 |
|
|
|a RU
|
| 105 |
|
|
|a y j 001zy
|
| 200 |
1 |
|
|a Пресс-релиз
|f М. Гундарин, Е. Гундарина
|
| 210 |
|
|
|a Ростов-на-Дону
|c Феникс
|d 2013
|
| 215 |
|
|
|a 189 с.
|
| 225 |
1 |
|
|a Выигрышные решения
|
| 320 |
|
|
|a Библиогр.: с. 189.
|
| 330 |
|
|
|a Пресс-релиз — это эффективный и при этом малозатратный способ привлечь внимание к своей организации. Но есть одно маленькое «но»: пресс-релиз должен быть правильно написан и разослан. Как избежать многочисленных ошибок и результативно выстроить свои отношения со средствами массовой информации с помощью пресс-релизов? Об этом — первая книга из серии «Выигрышные решения».
|
| 606 |
1 |
|
|a Паблик Рилейшнз (ПР)
|2 stltpush
|3 (RuTPU)RU\TPU\subj\27914
|9 51569
|
| 610 |
1 |
|
|a пресс-релизы
|
| 610 |
1 |
|
|a средства массовой информации
|
| 610 |
1 |
|
|a написание
|
| 610 |
1 |
|
|a СМИ
|
| 610 |
1 |
|
|a журналисты
|
| 610 |
1 |
|
|a PR-менеджеры
|
| 610 |
1 |
|
|a типичные ошибки
|
| 610 |
1 |
|
|a PR-тексты
|
| 610 |
1 |
|
|a бэкграундер
|
| 610 |
1 |
|
|a маркетинговые технологии
|
| 610 |
1 |
|
|a информационные технологии
|
| 675 |
|
|
|a 659.4
|v 3
|
| 700 |
|
1 |
|a Гундарин
|b М.
|g Михаил
|
| 701 |
|
1 |
|a Гундарина
|b Е.
|g Елизавета
|
| 801 |
|
1 |
|a RU
|b 63413507
|c 20140320
|
| 801 |
|
2 |
|a RU
|b 63413507
|c 20140417
|g RCR
|
| 942 |
|
|
|c BK
|
| 959 |
|
|
|a 53/20140320
|d 1
|e 147,00
|f ЧЗГЛ:1
|